000
00302nam a22001217a 4500
082
_a
574
_b
DIN/B
100
_a
S.DINESH
245
_a
CCE BASED CBSE EXAMINATION PAPERS 2010-2011
_b
CLASS IX
260
_a
JALANDHAR
_b
S.DINESH & CO
_c
2010
300
_a
48
650
_a
BIOLOGY EXAM PAPERS
_z
INDIA
942
_c
BK
999
_c
918
_d
918